000 00353nam a2200133Ia 4500
008 240624s9999 xx 000 0 und d
041 _aeng
082 _a658.4013 CAR
100 _aCARTIN THOMAS J
245 _aPRINCIPLES AND PRACTICES OF ORGANIZATION
260 _c2004
_aNew Delhi
_bPrentice-Hall
300 _axiv, : 334 : p. : cm. ; 24
365 _cRS
999 _c1690
_d1690